[Event "CAN-op U2400"]
[Site "Montreal CAN"]
[Date "2014.07.25"]
[Round "8"]
[White "Abreu Cordero, Jose"]
[Black "Jacquet, Stephane"]
[Result "1-0"]
[WhiteElo "2069"]
[BlackElo "1992"]
[PlyCount "75"]
[EventDate "2014.07.19"]
[EventType "swiss"]
[EventRounds "9"]
[EventCountry "CAN"]

1. Nf3 Nf6 2. c4 e6 3. d4 d5 4. Bg5 Nbd7 5. e3 Be7 6. Nc3 O-O 7. h3 b6 8. cxd5
Nxd5 9. Bxe7 Qxe7 10. Bd3 N7f6 11. O-O Bb7 12. Rc1 Rac8 13. Ne5 c5 14. Be2 cxd4
15. Qxd4 Rfd8 16. Nxd5 Bxd5 17. Qa4 Qd6 18. Nf3 Rc5 19. b4 Rc7 20. Nd4 Rdc8 21.
Nb5 Qd7 22. Rxc7 Rxc7 23. Qa3 Rc2 24. Bd3 Rxa2 25. Qc3 Qc6 26. Rc1 Qxc3 27.
Nxc3 g5 28. Nxa2 Bxa2 29. Ra1 Bb3 30. Rxa7 Nd5 31. b5 Kg7 32. Rb7 h6 33. Be4
Nc3 34. Bc6 Na4 35. f4 Kg6 36. Be8 gxf4 37. exf4 e5 38. fxe5 1-0

[Event "CAN-op U2400"]
[Site "Montreal CAN"]
[Date "2014.07.25"]
[Round "8"]
[White "Allard, Laurent"]
[Black "Noritsyn, Sergey"]
[Result "1-0"]
[WhiteElo "1945"]
[BlackElo "1821"]
[PlyCount "169"]
[EventDate "2014.07.19"]
[EventType "swiss"]
[EventRounds "9"]
[EventCountry "CAN"]

1. e4 c5 2. Nf3 d6 3. d4 cxd4 4. Nxd4 Nf6 5. Nc3 a6 6. f3 e6 7. Be3 Be7 8. Qd2
b5 9. g4 Bb7 10. O-O-O Nbd7 11. Kb1 Nb6 12. Qf2 Nfd7 13. h4 Rc8 14. Bd3 Qc7 15.
g5 Nc4 16. Bxc4 Qxc4 17. h5 Ne5 18. Qg2 Qc7 19. g6 hxg6 20. hxg6 Rxh1 21. gxf7+
Kxf7 22. Rxh1 Nc4 23. Qg4 Qd7 24. Qh5+ Kg8 25. Qh7+ Kf7 26. Bh6 Bf6 27. Rg1 Rg8
28. Qg6+ Ke7 29. Bg5 Bxg5 30. Rxg5 Bc8 31. Qh7 Kf8 32. f4 Qa7 33. Nce2 e5 34.
Nc6 Qc7 35. Nb4 Ne3 36. c3 Qc4 37. Qg6 Be6 38. Nc1 exf4 39. Nd5 Bxd5 40. Qxd6+
Kf7 41. Qxf4+ Ke7 42. Re5+ Be6 43. Qxe3 b4 44. Rc5 Qf1 45. Rc7+ Kf6 46. Qd4+
Kg6 47. cxb4 Qf6 48. Qg1+ Kh5 49. Nd3 Qf3 50. Qh2+ Bh3 51. Rc5+ Kh4 52. Nf2 Rd8
53. Qxh3+ Qxh3 54. Nxh3 Kxh3 55. Rg5 Rg8 56. Kc2 Kh4 57. Rg6 Kh5 58. Rg1 g5 59.
Kd3 g4 60. e5 Rb8 61. Kc4 Kh4 62. e6 g3 63. Kd5 Rb5+ 64. Kd6 Rb6+ 65. Kd7 Rxb4
66. e7 Rd4+ 67. Kc8 Rd2 68. Re1 g2 69. b4 Kh3 70. a4 Re2 71. Rg1 Rb2 72. Kd7
Rd2+ 73. Kc6 Re2 74. Kb6 Rxe7 75. Kxa6 Kh2 76. Rb1 g1=Q 77. Rxg1 Kxg1 78. b5
Re6+ 79. b6 Re4 80. a5 Re6 81. Ka7 Re5 82. a6 Re7+ 83. b7 Rg7 84. Ka8 Rg6 85.
a7 1-0

[Event "CAN-op U2400"]
[Site "Montreal CAN"]
[Date "2014.07.25"]
[Round "8"]
[White "Anastasovski, Nikola"]
[Black "Currie, James"]
[Result "1/2-1/2"]
[WhiteElo "2059"]
[BlackElo "1987"]
[PlyCount "69"]
[EventDate "2014.07.19"]
[EventType "swiss"]
[EventRounds "9"]
[EventCountry "CAN"]

1. e4 c5 2. c4 Nc6 3. Nc3 g6 4. g3 Bg7 5. Bg2 d6 6. d3 e6 7. Nge2 Nge7 8. Be3
a6 9. Qd2 O-O 10. h4 Ne5 11. f4 Ng4 12. h5 Nxe3 13. Qxe3 b5 14. g4 b4 15. Nd1
Ra7 16. Qh3 f5 17. Ne3 Qa5 18. b3 Bxa1 19. hxg6 Nxg6 20. exf5 Qxa2 21. fxg6
hxg6 22. f5 Qb1+ 23. Kd2 Qb2+ 24. Nc2 gxf5 25. gxf5 Qh8 26. Rxa1 Qxh3 27. Bxh3
exf5 28. Nf4 a5 29. Bg2 Kg7 30. Bd5 Bd7 31. Rg1+ Kh7 32. Rh1+ Kg7 33. Rg1+ Kh7
34. Rh1+ Kg7 35. Rg1+ 1/2-1/2

[Event "CAN-op U2400"]
[Site "Montreal CAN"]
[Date "2014.07.25"]
[Round "8"]
[White "Babb, Jeff"]
[Black "Lebeau, Gilbert"]
[Result "1-0"]
[WhiteElo "2111"]
[BlackElo "1998"]
[PlyCount "63"]
[EventDate "2014.07.19"]
[EventType "swiss"]
[EventRounds "9"]
[EventCountry "CAN"]

1. f4 Nf6 2. Nf3 d5 3. e3 g6 4. b4 Bg7 5. Bb2 Bg4 6. Be2 O-O 7. O-O Bxf3 8.
Bxf3 Nbd7 9. Na3 c5 10. bxc5 Nxc5 11. Bd4 Qa5 12. Qc1 Rac8 13. Bxc5 Qxc5 14. c3
Nd7 15. Rb1 a6 16. Rxb7 Rfd8 17. Nc2 e6 18. Qa3 Qxa3 19. Nxa3 Rc5 20. Nc2 Ra5
21. Rb2 Nc5 22. Nd4 Rc8 23. Be2 Na4 24. Nb3 Nxb2 25. Nxa5 Nc4 26. Nxc4 dxc4 27.
Rb1 Bf6 28. Kf2 a5 29. Rb5 Bd8 30. Re5 Rb8 31. Bxc4 Rb2 32. Ke1 1-0

[Event "CAN-op U2400"]
[Site "Montreal CAN"]
[Date "2014.07.25"]
[Round "8"]
[White "Baciu, Diana"]
[Black "Dorrance, Adam"]
[Result "1-0"]
[WhiteElo "2294"]
[BlackElo "2018"]
[PlyCount "105"]
[EventDate "2014.07.19"]
[EventType "swiss"]
[EventRounds "9"]
[EventCountry "CAN"]

1. e4 c6 2. Nc3 d5 3. Nf3 dxe4 4. Nxe4 Nf6 5. Qe2 Bg4 6. h3 Bxf3 7. Qxf3 Nbd7
8. d4 Nxe4 9. Qxe4 Nf6 10. Qd3 e6 11. Be2 Be7 12. O-O O-O 13. c4 Qc7 14. Be3
Rfd8 15. Qc3 c5 16. Bf3 Nd7 17. dxc5 Nxc5 18. Rfd1 Bf6 19. Qc2 Rac8 20. Rac1
Nd7 21. Be4 g6 22. c5 Nb8 23. b4 Nc6 24. Qc4 a6 25. a4 e5 26. Rxd8+ Nxd8 27. b5
axb5 28. axb5 Ne6 29. c6 b6 30. Bd5 Ng7 31. Ra1 Nf5 32. Ra6 Nxe3 33. fxe3 Bd8
34. Qa2 Qe7 35. Ra7 Bc7 36. Qa6 Rd8 37. e4 Rb8 38. Kh1 Qf6 39. Qa2 Rc8 40. Qe2
h5 41. Ra1 Qe7 42. g4 h4 43. g5 Qxg5 44. Rg1 Qh6 45. Qf2 Qg7 46. Qxh4 Rf8 47.
Qg4 Kh8 48. Qh4+ Qh7 49. Qf6+ Qg7 50. Qg5 Bd8 51. Qg3 Bc7 52. Ra1 f5 53. Qh4+
1-0

[Event "CAN-op U2400"]
[Site "Montreal CAN"]
[Date "2014.07.25"]
[Round "8"]
[White "Bates, Darren"]
[Black "Robidas, Francois"]
[Result "1-0"]
[WhiteElo "1754"]
[BlackElo "1935"]
[PlyCount "61"]
[EventDate "2014.07.19"]
[EventType "swiss"]
[EventRounds "9"]
[EventCountry "CAN"]

1. e4 e5 2. Nf3 Nc6 3. c3 Nf6 4. d4 exd4 5. e5 Nd5 6. Bb5 a6 7. Bxc6 dxc6 8.
Bg5 Be7 9. Bxe7 Qxe7 10. cxd4 O-O 11. O-O Bg4 12. Nbd2 Rad8 13. Qb3 b6 14. Rac1
Qd7 15. Qc4 Ne7 16. a3 a5 17. h3 Bh5 18. Rfd1 Rfe8 19. Qc3 Qe6 20. g4 Bxg4 21.
hxg4 Qxg4+ 22. Kh1 Nd5 23. Qc4 Re6 24. Nh2 Rh6 25. Qd3 Nf4 26. Qf3 Qh4 27. Ndf1
Nh3 28. Rc2 Rxd4 29. Rxd4 Qxd4 30. Rd2 Qh4 31. Qxh3 1-0

[Event "CAN-op U2400"]
[Site "Montreal CAN"]
[Date "2014.07.25"]
[Round "8"]
[White "Bleau, John"]
[Black "Holliman, Robert"]
[Result "1/2-1/2"]
[WhiteElo "1917"]
[BlackElo "1976"]
[PlyCount "57"]
[EventDate "2014.07.19"]
[EventType "swiss"]
[EventRounds "9"]
[EventCountry "CAN"]

1. d4 d5 2. c4 e6 3. Nc3 Be7 4. Nf3 Nf6 5. g3 b6 6. cxd5 Nxd5 7. Bg2 Bb7 8. O-O
O-O 9. Re1 Nxc3 10. bxc3 Be4 11. Nh4 Bxg2 12. Nxg2 c5 13. Bb2 Nc6 14. Qa4 Rc8
15. Red1 Qc7 16. d5 exd5 17. Rxd5 Rfd8 18. Rad1 Rxd5 19. Rxd5 Bf6 20. Nf4 g6
21. Qe4 Kf8 22. Qf3 Qe7 23. Qg4 Rd8 24. Qf3 Rd6 25. Qd3 Ne5 26. Qe4 Nc6 27. Qd3
Ne5 28. Qa6 Nc6 29. Qd3 1/2-1/2

[Event "CAN-op U2400"]
[Site "Montreal CAN"]
[Date "2014.07.25"]
[Round "8"]
[White "Burrows, Zachary"]
[Black "Tonakanian, Stephan"]
[Result "1/2-1/2"]
[WhiteElo "2138"]
[BlackElo "1922"]
[PlyCount "153"]
[EventDate "2014.07.19"]
[EventType "swiss"]
[EventRounds "9"]
[EventCountry "CAN"]

1. e4 e6 2. Qe2 Be7 3. Nf3 d5 4. e5 c5 5. d4 Nc6 6. c3 Qb6 7. Qb5 Bd7 8. Qxb6
axb6 9. Na3 Na7 10. Be2 h5 11. Bd2 Nh6 12. O-O Nf5 13. Nc2 Bb5 14. Bxb5+ Nxb5
15. a4 Nc7 16. Rfc1 Kd7 17. b3 Ra6 18. Kf1 Rha8 19. Rab1 Rg8 20. Ne3 Nxe3+ 21.
Bxe3 Rc8 22. Ke2 f6 23. Rc2 Rca8 24. c4 Rc8 25. Rd1 Ke8 26. g3 Kf7 27. h3 dxc4
28. Rxc4 Nd5 29. dxc5 bxc5 30. Rdc1 b6 31. Bd2 Ra7 32. g4 hxg4 33. Rxg4 Rh8 34.
h4 Rh5 35. Rcg1 Bf8 36. Re4 Rd7 37. Ra1 Ne7 38. a5 bxa5 39. Rxa5 Nc6 40. Ra6
Nd4+ 41. Nxd4 Rxd4 42. Rxd4 cxd4 43. exf6 gxf6 44. b4 Rxh4 45. b5 Rh3 46. f3
d3+ 47. Kxd3 Rxf3+ 48. Kc4 Ra3 49. Rc6 Ra4+ 50. Kb3 Ra1 51. b6 Rb1+ 52. Kc4 Be7
53. Be3 Bd8 54. Bc5 Bxb6 55. Rxb6 Rxb6 56. Bxb6 Kg6 57. Kd3 Kf5 58. Ke3 e5 59.
Bc7 Ke6 60. Bd8 f5 61. Bg5 Kf7 62. Kf3 Kg6 63. Bd2 Kf6 64. Bh6 Ke6 65. Bd2 Kd5
66. Bh6 Kd4 67. Be3+ Kd3 68. Kf2 Ke4 69. Bc1 f4 70. Bb2 Kf5 71. Bxe5 Kxe5 72.
Kf3 Kf5 73. Kf2 Ke4 74. Ke2 f3+ 75. Kf2 Kf4 76. Kf1 Kg3 77. Kg1 1/2-1/2

[Event "CAN-op U2400"]
[Site "Montreal CAN"]
[Date "2014.07.25"]
[Round "8"]
[White "Caceres Cortes, Julio"]
[Black "Ang, Alan"]
[Result "0-1"]
[WhiteElo "2044"]
[BlackElo "2017"]
[PlyCount "66"]
[EventDate "2014.07.19"]
[EventType "swiss"]
[EventRounds "9"]
[EventCountry "CAN"]

1. e4 e6 2. d4 d5 3. Nd2 Nf6 4. e5 Nfd7 5. Bd3 c5 6. c3 Nc6 7. Ne2 cxd4 8. cxd4
f6 9. Nf4 Nxd4 10. Qh5+ Ke7 11. exf6+ Nxf6 12. Ng6+ hxg6 13. Qxh8 Kf7 14. Qh4
e5 15. Nf3 Bb4+ 16. Kf1 e4 17. Ne5+ Kg8 18. Be2 Qe8 19. Qg5 Bf5 20. Bf4 Ne6 21.
Qh4 Nxf4 22. Qxf4 Bd6 23. g4 Bxe5 24. Qd2 Be6 25. h4 d4 26. Qa5 Bxg4 27. Bxg4
Nxg4 28. Qd5+ Qf7 29. Qxf7+ Kxf7 30. Rc1 d3 31. Rg1 Nh2+ 32. Kg2 Nf3 33. Rh1 d2
0-1

[Event "CAN-op U2400"]
[Site "Montreal CAN"]
[Date "2014.07.25"]
[Round "8"]
[White "Chabot, Roland"]
[Black "Wiebe, Daniel"]
[Result "1-0"]
[WhiteElo "2198"]
[BlackElo "1874"]
[PlyCount "101"]
[EventDate "2014.07.19"]
[EventType "swiss"]
[EventRounds "9"]
[EventCountry "CAN"]

1. d4 Nf6 2. c4 g6 3. Nc3 d5 4. cxd5 Nxd5 5. e4 Nxc3 6. bxc3 Bg7 7. Nf3 c5 8.
Be3 Qa5 9. Qd2 O-O 10. Rc1 Rd8 11. d5 e6 12. c4 Qxd2+ 13. Nxd2 Na6 14. Bd3 b6
15. O-O Nb4 16. Bb1 Bb2 17. Rcd1 exd5 18. exd5 Ba6 19. Rfe1 Rac8 20. Bg5 f6 21.
Bh6 Kf7 22. Re3 b5 23. a3 bxc4 24. axb4 cxb4 25. Rde1 Be5 26. Nf3 Rxd5 27. Be4
Ra5 28. Nxe5+ fxe5 29. Rf3+ Ke6 30. Bg5 Kd6 31. Rd1+ Kc7 32. Rf7+ Kb6 33. Rfd7
b3 34. Bd8+ Rxd8 35. Rxd8 Kc5 36. R8d5+ Kb4 37. Rxa5 Kxa5 38. Ra1+ Kb5 39. h4
Bc8 40. Rxa7 b2 41. Rc7 Bf5 42. Bxf5 gxf5 43. Rb7+ Ka4 44. Rxb2 c3 45. Re2 Kb3
46. Rxe5 c2 47. Rc5 Kb2 48. f3 c1=Q+ 49. Rxc1 Kxc1 50. g4 fxg4 51. f4 1-0

[Event "CAN-op U2400"]
[Site "Montreal CAN"]
[Date "2014.07.25"]
[Round "8"]
[White "Cloutier, Mathieu"]
[Black "De Kerpel, Stijn"]
[Result "1/2-1/2"]
[WhiteElo "2040"]
[BlackElo "2183"]
[PlyCount "151"]
[EventDate "2014.07.19"]
[EventType "swiss"]
[EventRounds "9"]
[EventCountry "CAN"]

1. e4 d5 2. exd5 Qxd5 3. Nc3 Qd6 4. d4 Nf6 5. Bc4 c6 6. Nge2 Bf5 7. Bf4 Qb4 8.
Bb3 e6 9. Qd2 Qa5 10. f3 Bb4 11. a3 Nd5 12. Bxd5 cxd5 13. g4 Bg6 14. h4 h5 15.
g5 Nd7 16. Rc1 Be7 17. Bg3 Rc8 18. Nf4 Bf5 19. g6 fxg6 20. Qe2 Rxc3 21. bxc3
Qxc3+ 22. Kf1 Qxa3 23. Kg2 O-O 24. Nxe6 Rc8 25. Nc7 Bd8 26. Nxd5 Nb6 27. Ne3
Bd7 28. Qd3 Qxd3 29. cxd3 Rxc1 30. Rxc1 Bc6 31. d5 Bd7 32. Bc7 Bxh4 33. Bxb6
axb6 34. Rc7 Be8 35. d6 Bc6 36. Nc4 Kf8 37. Ne5 Bd8 38. Nxc6 bxc6 39. Rxc6 Ke8
40. d7+ Kxd7 41. Rxg6 Bf6 42. Kg3 b5 43. Kf4 Kd6 44. Ke4 Kc5 45. Rg1 Kb4 46. d4
Ka3 47. d5 b4 48. Kd3 b3 49. d6 b2 50. d7 Kb3 51. f4 h4 52. Rh1 h3 53. Rb1 h2
54. Rd1 Bd8 55. Rb1 Bc7 56. Rf1 Bd8 57. Rd1 Bf6 58. Rb1 g5 59. fxg5 Bxg5 60.
Re1 Bc1 61. d8=Q b1=Q+ 62. Ke2 Qe4+ 63. Kf2 Qxe1+ 64. Kxe1 h1=Q+ 65. Kf2 Qh2+
66. Kf3 Qf4+ 67. Kg2 Qe4+ 68. Kh3 Qf3+ 69. Kh4 Qe4+ 70. Kh3 Bf4 71. Qb6+ Kc2
72. Qf2+ Bd2 73. Qc5+ Bc3 74. Qf2+ Kd1 75. Qg1+ Ke2 76. Qg2+ 1/2-1/2

[Event "CAN-op U2400"]
[Site "Montreal CAN"]
[Date "2014.07.25"]
[Round "8"]
[White "Cohen, Lawrence"]
[Black "Docheshmeh, Amir Mohammad"]
[Result "1-0"]
[WhiteElo "1922"]
[BlackElo "1688"]
[PlyCount "137"]
[EventDate "2014.07.19"]
[EventType "swiss"]
[EventRounds "9"]
[EventCountry "CAN"]

1. c4 Nf6 2. g3 g6 3. Bg2 Bg7 4. Nc3 c5 5. e3 O-O 6. Nge2 Qc7 7. O-O d6 8. Nb5
Qb6 9. d4 a6 10. Nbc3 Bd7 11. b3 Bc6 12. d5 Bd7 13. e4 Qc7 14. a4 a5 15. h3 Na6
16. Be3 Nb4 17. Rc1 Qc8 18. Kh2 Ne8 19. Qd2 b6 20. f3 Nc7 21. Rf2 f5 22. Rcf1
Qb7 23. Bg5 Rf7 24. g4 Raf8 25. f4 fxg4 26. e5 Bxe5 27. fxe5 Rxf2 28. Rxf2 Rxf2
29. Bh4 Rf5 30. e6 Nxe6 31. hxg4 Re5 32. Bg3 Ng7 33. Bxe5 dxe5 34. Qg5 Be8 35.
Qxe5 Qd7 36. Bh3 Qd8 37. Ne4 Na6 38. Nf4 Qc7 39. Qg5 Bf7 40. Bg2 Ne8 41. Kh3
Nd6 42. Ng3 Ne8 43. Nf5 Kf8 44. Nh6 Ng7 45. Nxf7 Kxf7 46. Nd3 Qd6 47. Ne5+ Kg8
48. Qf4 Qd8 49. Qf7+ Kh8 50. Nc6 Qe8 51. Qxe7 Nb4 52. d6 Qxe7 53. dxe7 Kg8 54.
Nd8 Ne8 55. g5 Kg7 56. Kh4 h6 57. Bh3 hxg5+ 58. Kxg5 Nc2 59. Bd7 Nd6 60. e8=Q
Nxe8 61. Bxe8 Nd4 62. Bxg6 Nxb3 63. Ne6+ Kg8 64. Kf6 Nd2 65. Bf7+ Kh8 66. Ng5
Nb1 67. Bg6 Nc3 68. Kf7 Nxa4 69. Kf8 1-0

[Event "CAN-op U2400"]
[Site "Montreal CAN"]
[Date "2014.07.25"]
[Round "8"]
[White "Doknjas, John"]
[Black "Luksza, Arkadiusz"]
[Result "1-0"]
[WhiteElo "1993"]
[BlackElo "2107"]
[PlyCount "97"]
[EventDate "2014.07.19"]
[EventType "swiss"]
[EventRounds "9"]
[EventCountry "CAN"]

1. d4 e6 2. c4 d5 3. Nc3 c6 4. e3 Bd6 5. Bd3 Nd7 6. f4 Qh4+ 7. g3 Qe7 8. Nf3 f5
9. cxd5 cxd5 10. Nb5 Ngf6 11. O-O O-O 12. Nxd6 Qxd6 13. a4 Ne4 14. b3 Re8 15.
Ba3 Qb6 16. Rc1 a6 17. Bxe4 dxe4 18. Nd2 Qd8 19. Nc4 Qf6 20. Nd6 Rd8 21. Rc7
Nb6 22. Nxe4 Qg6 23. Nc3 Rb8 24. Qc2 Bd7 25. a5 Na8 26. Rc5 Bc6 27. d5 exd5 28.
Ne2 Nc7 29. Nd4 Nb5 30. Nxc6 bxc6 31. Bb2 Rbc8 32. Rc1 Qe8 33. Be5 Na7 34. Qxf5
Rd7 35. Qd3 g5 36. Qxa6 gxf4 37. exf4 Qg6 38. Qe2 h6 39. Qe3 d4 40. Bxd4 Rcd8
41. R5c4 c5 42. Bxc5 Rd3 43. Qe4 Qxe4 44. Rxe4 Nb5 45. Rce1 Rxb3 46. Re8+ Rxe8
47. Rxe8+ Kf7 48. Rb8 Ke6 49. a6 1-0

[Event "CAN-op U2400"]
[Site "Montreal CAN"]
[Date "2014.07.25"]
[Round "8"]
[White "Doknjas, Joshua"]
[Black "Lee, Megan"]
[Result "1/2-1/2"]
[WhiteElo "1849"]
[BlackElo "2094"]
[PlyCount "98"]
[EventDate "2014.07.19"]
[EventType "swiss"]
[EventRounds "9"]
[EventCountry "CAN"]

1. e4 e5 2. Nf3 Nc6 3. Bc4 Bc5 4. c3 Nf6 5. d3 d6 6. O-O Bb6 7. Bb3 h6 8. Nbd2
O-O 9. Nc4 Be6 10. Re1 Re8 11. a4 Qd7 12. Nxb6 axb6 13. Bc2 d5 14. Qe2 Bg4 15.
b4 d4 16. b5 Nd8 17. c4 c5 18. Bd1 Qd6 19. h3 Bxf3 20. Qxf3 Nh7 21. Qg3 g5 22.
h4 Ne6 23. Bg4 Nf4 24. Bf5 Qf6 25. hxg5 hxg5 26. Bxf4 exf4 27. Qg4 Qg7 28.
Bxh7+ Kxh7 29. f3 Re6 30. Kf2 Kg8 31. Rh1 Rh6 32. Rh5 Rxh5 33. Qxh5 Kf8 34. Qg4
Qf6 35. Rh1 Ke7 36. Rh5 Rg8 37. g3 fxg3+ 38. Qxg3 Qf4 39. Qxf4 gxf4 40. Rh1 Ra8
41. Ra1 Kf6 42. Kg2 Ke5 43. Kf2 f5 44. exf5 Kxf5 45. Kg2 Re8 46. Kf2 Rh8 47.
Kg2 Rg8+ 48. Kf2 Re8 49. Rd1 Rh8 1/2-1/2

[Event "CAN-op U2400"]
[Site "Montreal CAN"]
[Date "2014.07.25"]
[Round "8"]
[White "Doubleday, William"]
[Black "Yang, Michael"]
[Result "1-0"]
[WhiteElo "2059"]
[BlackElo "2184"]
[PlyCount "87"]
[EventDate "2014.07.19"]
[EventType "swiss"]
[EventRounds "9"]
[EventCountry "CAN"]

1. d4 Nf6 2. c4 e6 3. Nc3 Bb4 4. e3 O-O 5. Nge2 b6 6. a3 Bxc3+ 7. Nxc3 Bb7 8.
d5 exd5 9. cxd5 Re8 10. Be2 d6 11. O-O Nbd7 12. Qd4 Qe7 13. b4 Qe5 14. Rd1 a5
15. Bb2 Qxd4 16. Rxd4 axb4 17. axb4 Rxa1+ 18. Bxa1 Ra8 19. Bb2 Ne5 20. f3 Ng6
21. Kf2 Kf8 22. g3 Ke7 23. e4 h5 24. h4 Ne5 25. Rd1 c5 26. b5 g6 27. Ra1 Rxa1
28. Bxa1 Ne8 29. Na4 Nd7 30. Bd3 f6 31. Ke3 Kf7 32. Bf1 f5 33. Bh3 Nc7 34. Bf1
Ne8 35. Kf4 Nef6 36. Bh3 fxe4 37. fxe4 Bc8 38. Be6+ Ke7 39. Nb2 Nh7 40. Nc4
Nhf8 41. Bg8 Nf6 42. Bxf6+ Kxf6 43. Nxb6 Kg7 44. Nxc8 1-0

[Event "CAN-op U2400"]
[Site "Montreal CAN"]
[Date "2014.07.25"]
[Round "8"]
[White "Drkulec, Vladimir"]
[Black "Trahan, Daniel"]
[Result "0-1"]
[WhiteElo "1922"]
[BlackElo "2078"]
[PlyCount "160"]
[EventDate "2014.07.19"]
[EventType "swiss"]
[EventRounds "9"]
[EventCountry "CAN"]

1. d4 Nf6 2. c4 e6 3. Nf3 b6 4. g3 Ba6 5. b3 Bb4+ 6. Bd2 Be7 7. Bg2 c6 8. Nc3
d5 9. cxd5 cxd5 10. O-O O-O 11. Ne5 Bb7 12. Rc1 a6 13. Na4 Ba3 14. Rc2 Nfd7 15.
Nd3 Bd6 16. Qc1 Ra7 17. Bf4 Qe7 18. Rd1 Ba8 19. Bf1 f6 20. Bxd6 Qxd6 21. Rc8
Nc6 22. Rxf8+ Kxf8 23. Nf4 Rc7 24. Qb1 Kg8 25. e3 g5 26. Ng2 b5 27. Nb2 Nb4 28.
Ne1 Bb7 29. Nbd3 Nxd3 30. Nxd3 e5 31. Bh3 Bc8 32. Rc1 e4 33. Nb4 Bb7 34. Be6+
Kg7 35. Rxc7 Qxc7 36. Bxd5 f5 37. Be6 Kf6 38. Bxd7 Qxd7 39. Qc1 a5 40. Nc2 Qc6
41. Qd2 b4 42. h3 Qb5 43. Ne1 Qc6 44. Kh2 Ke7 45. Qd1 h6 46. Ng2 Ba6 47. d5 Qc5
48. Qh5 Qd6 49. h4 Qf6 50. hxg5 Qxg5 51. Qd1 Qf6 52. Nf4 Qb2 53. d6+ Kd7 54.
Kg2 Qe5 55. Qh5 Qf6 56. Nd5 Qxd6 57. Qxf5+ Kc6 58. Nf6 Kb6 59. Nd7+ Ka7 60. Nc5
Bd3 61. Ne6 Kb6 62. Nd4 Ka6 63. Qc8+ Kb6 64. Qc1 Ka6 65. Kg1 Kb6 66. Qd1 Ka6
67. Qg4 Kb6 68. Qh3 Ka6 69. Nf5 Qg6 70. Qxh6 Qxh6 71. Nxh6 Bb1 72. Nf5 Bxa2 73.
Nd4 Bxb3 74. Nxb3 a4 75. Nd2 b3 76. Nb1 Kb5 77. g4 Kb4 78. g5 a3 79. Nxa3 Kxa3
80. g6 b2 0-1

[Event "CAN-op U2400"]
[Site "Montreal CAN"]
[Date "2014.07.25"]
[Round "8"]
[White "Fillion, Steve"]
[Black "Itkin, David"]
[Result "1-0"]
[WhiteElo "2140"]
[BlackElo "2096"]
[PlyCount "91"]
[EventDate "2014.07.19"]
[EventType "swiss"]
[EventRounds "9"]
[EventCountry "CAN"]

1. e4 d5 2. exd5 Nf6 3. Bb5+ Nbd7 4. d4 Nxd5 5. Nf3 a6 6. Be2 g6 7. O-O Bg7 8.
c4 N5f6 9. Nc3 O-O 10. Bg5 h6 11. Bf4 c5 12. d5 Ng4 13. Qd2 Kh7 14. Rfe1 Nge5
15. Nxe5 Nxe5 16. Bf1 Ng4 17. h3 Nf6 18. Qe3 e6 19. Qxc5 b6 20. Qd6 exd5 21.
cxd5 Bb7 22. Rad1 Qc8 23. Qxb6 Rd8 24. d6 Rb8 25. Qe3 Rd7 26. Be5 Qc6 27. Qd4
Rbd8 28. f3 Ne8 29. Ne4 Nxd6 30. Nxd6 Rxd6 31. Qxd6 Rxd6 32. Bxd6 Qc2 33. b3
Qxa2 34. Bc4 Bf6 35. Re2 Qa5 36. Bxf7 Qg5 37. Kh2 h5 38. Bc4 Qf5 39. Be6 Qb5
40. Bc4 Qf5 41. Rde1 Bg5 42. Re7+ Bxe7 43. Rxe7+ Kh6 44. Rxb7 a5 45. Rf7 Qc2
46. Bf8+ 1-0

[Event "CAN-op U2400"]
[Site "Montreal CAN"]
[Date "2014.07.25"]
[Round "8"]
[White "Forget, Luc"]
[Black "Upper, John"]
[Result "0-1"]
[WhiteElo "1998"]
[BlackElo "2042"]
[PlyCount "92"]
[EventDate "2014.07.19"]
[EventType "swiss"]
[EventRounds "9"]
[EventCountry "CAN"]

1. e4 e6 2. d4 d5 3. e5 c5 4. c3 Qb6 5. Nf3 Nc6 6. Bd3 Bd7 7. O-O cxd4 8. cxd4
Nxd4 9. Nbd2 Nxf3+ 10. Nxf3 Bb5 11. Be3 Qa6 12. Bxb5+ Qxb5 13. Nd4 Qd7 14. Rc1
Be7 15. Qb3 a6 16. Rc2 Rc8 17. Rxc8+ Qxc8 18. Rc1 Qd7 19. Qb6 Bd8 20. Qa7 Ne7
21. Nb3 Qb5 22. Nc5 Nc6 23. Qxb7 Nxe5 24. Qxa6 Qxa6 25. Nxa6 Nd3 26. Rc8 Nxb2
27. Bb6 Kd7 28. Rb8 Nd3 29. Kf1 e5 30. g3 f5 31. a4 h5 32. Ke2 e4 33. a5 f4 34.
Nc5+ Nxc5 35. Bxc5 f3+ 36. Kd1 Rh6 37. Ra8 Rc6 38. Bd4 Bg5 39. Be3 Bxe3 40.
fxe3 Kc7 41. Ra7+ Kd6 42. Rxg7 Rc3 43. Ke1 Rxe3+ 44. Kf1 Ke5 45. Rg5+ Kd4 46.
Rxh5 Ra3 0-1

[Event "CAN-op U2400"]
[Site "Montreal CAN"]
[Date "2014.07.25"]
[Round "8"]
[White "Gauthier, Denis"]
[Black "Caluza, Severo"]
[Result "1-0"]
[WhiteElo "1909"]
[BlackElo "1725"]
[PlyCount "87"]
[EventDate "2014.07.19"]
[EventType "swiss"]
[EventRounds "9"]
[EventCountry "CAN"]

1. d4 Nf6 2. c4 e6 3. Nf3 b6 4. a3 d5 5. Nc3 Be7 6. cxd5 exd5 7. g3 O-O 8. Bg2
c5 9. O-O Bb7 10. Bf4 Nbd7 11. Rc1 Re8 12. Nb5 Nh5 13. Bc7 Qc8 14. Bd6 a6 15.
Bxe7 axb5 16. Bg5 h6 17. Be3 c4 18. Qd2 Ndf6 19. Ne5 Qf5 20. f3 Rxe5 21. dxe5
Qxe5 22. g4 Re8 23. gxh5 Qxe3+ 24. Qxe3 Rxe3 25. Kf2 Rb3 26. Rc2 Bc8 27. e3 Bf5
28. Rd2 Bd3 29. Rc1 Nd7 30. Rc3 Nc5 31. Rxb3 Nxb3 32. Rd1 Kf8 33. f4 d4 34.
exd4 Nxd4 35. Bf1 Bxf1 36. Kxf1 Ne6 37. Rd6 Nxf4 38. Rxb6 c3 39. bxc3 Nd5 40.
Rxb5 Nxc3 41. Rc5 Na4 42. Rc7 g6 43. hxg6 fxg6 44. Ke2 1-0

[Event "CAN-op U2400"]
[Site "Montreal CAN"]
[Date "2014.07.25"]
[Round "8"]
[White "Gelet, Seymour"]
[Black "Song, Sam"]
[Result "0-1"]
[WhiteElo "2083"]
[BlackElo "2030"]
[PlyCount "76"]
[EventDate "2014.07.19"]
[EventType "swiss"]
[EventRounds "9"]
[EventCountry "CAN"]

1. d4 Nf6 2. c4 e6 3. Nf3 Bb4+ 4. Nbd2 O-O 5. a3 Bxd2+ 6. Bxd2 b6 7. Bg5 Bb7 8.
e3 d6 9. Bd3 Nbd7 10. Qc2 h6 11. Bh4 c5 12. O-O Bxf3 13. gxf3 cxd4 14. exd4 Qc7
15. Kh1 Rfc8 16. Qd2 Qb7 17. Qe3 e5 18. d5 b5 19. Rg1 Kf8 20. b3 bxc4 21. bxc4
Rc5 22. Rab1 Qa6 23. Rb3 Rac8 24. Bf5 g5 25. Bxg5 hxg5 26. Qxg5 Qxc4 27. Rd3
Ke7 28. Bxd7 Qxd3 29. Bxc8 Qxf3+ 30. Rg2 Qd1+ 31. Rg1 Qxd5+ 32. Rg2 Qd1+ 33.
Rg1 Qf3+ 34. Rg2 Rxc8 35. h4 Qxa3 36. Kh2 Qc1 37. Qg3 Rc3 38. Qg7 Qf4+ 0-1

[Event "CAN-op U2400"]
[Site "Montreal CAN"]
[Date "2014.07.25"]
[Round "8"]
[White "Gilbert, Erick"]
[Black "Beaulieu, Pierre"]
[Result "1/2-1/2"]
[WhiteElo "1946"]
[BlackElo "1858"]
[PlyCount "83"]
[EventDate "2014.07.19"]
[EventType "swiss"]
[EventRounds "9"]
[EventCountry "CAN"]

1. Nf3 b6 2. g3 Bb7 3. Bg2 f5 4. O-O Nf6 5. c4 e6 6. Nc3 Be7 7. d3 O-O 8. a3 a5
9. Qc2 Na6 10. Bf4 Nh5 11. Bd2 Qe8 12. d4 d6 13. g4 fxg4 14. Ng5 Bxg5 15. Bxb7
Bxd2 16. Qxd2 Ra7 17. Be4 c6 18. f4 d5 19. cxd5 cxd5 20. Bd3 Nc7 21. Rf2 Qe7
22. e3 Qh4 23. Ne2 Qe7 24. Rg2 Nf6 25. f5 Re8 26. Ng3 e5 27. Re2 e4 28. Bc2 h5
29. Rf2 Qd6 30. Ne2 Nh7 31. Nf4 Ng5 32. Kh1 Nf3 33. Qe2 Qh6 34. Rg2 Rf8 35. Ng6
Rf7 36. Bb3 Kh7 37. Rc1 Rxf5 38. Rc6 Rf6 39. Qc2 Qxg6 40. Rxc7 Rxc7 41. Qxc7
Rc6 42. Qd8 {...} 1/2-1/2

[Event "CAN-op U2400"]
[Site "Montreal CAN"]
[Date "2014.07.25"]
[Round "8"]
[White "Haddadi, Farshad"]
[Black "Thau, Peter"]
[Result "0-1"]
[WhiteElo "2000"]
[BlackElo "1813"]
[PlyCount "98"]
[EventDate "2014.07.19"]
[EventType "swiss"]
[EventRounds "9"]
[EventCountry "CAN"]

1. d4 f5 2. Nc3 Nf6 3. Nf3 g6 4. h3 Bg7 5. Bf4 d6 6. e3 c6 7. Bd3 Bd7 8. O-O
O-O 9. Re1 Qc8 10. Qd2 d5 11. Ne5 Be6 12. f3 Nbd7 13. Qf2 Nxe5 14. dxe5 Ne4 15.
Qh4 Nxc3 16. bxc3 Qd7 17. e4 fxe4 18. fxe4 d4 19. c4 c5 20. Rf1 Rae8 21. Rf3
Qa4 22. Bh6 Rxf3 23. gxf3 Bxc4 24. Bxg7 Kxg7 25. f4 Bxd3 26. cxd3 Qd7 27. Rf1
Rf8 28. f5 gxf5 29. Qg5+ Kh8 30. exf5 Rg8 31. Qxg8+ Kxg8 32. e6 Qd6 33. f6 Qg3+
34. Kh1 Qxh3+ 35. Kg1 Qxf1+ 36. Kxf1 exf6 37. Kf2 Kf8 38. Kf3 Ke7 39. Kg3 Kxe6
40. Kf3 Ke5 41. Kg3 f5 42. Kf3 h5 43. Kg3 h4+ 44. Kxh4 Kf4 45. Kh3 Ke3 46. Kg2
f4 47. Kf1 Kxd3 48. Ke1 Kc2 49. a4 d3 0-1